Murder of crows. (WT. 316.8 g)
"Someone was murdered. Every turn, you'll draw a card and then play a card. Your goal is to assemble a set that spells 'murder' and tells the tale of a murder most fowl. Will the next player 'drain' and force everyone to discard a card from their murder? Or 'uncover', and force you to reveal your cards and then give one of them up? 'Expel', and make you discard your hand? Each card has a unique ability."
Record details
- ISBN: 9781589781788
- ISBN: 1589781783
- Physical Description: 1 game (61 cards) : cardboard, color ; in container 15 x 13 x 5 cm
- Edition: Second edition.
- Publisher: [Saint Paul, Minnesota] : Atlas Games, [2017]
- Copyright: ©2017
Content descriptions
| General Note: | Strategy card game. Title from container. 2-5 players. Duration of play: 20 min. WT. 316.8 g |
| Target Audience Note: | Age 13 and up. |
Search for related items by subject
| Subject: | Murder > Miscellanea. Crows > Miscellanea. Meurtre > Miscellanées. Corneilles > Miscellanées. Crows. Murder. |
| Genre: | Fantasy games. Card games. Fantasy games. Trivia and miscellanea. Puzzles and games. Card games. Puzzles and games. Jeux de cartes (Jeux de société) |
Available copies
- 1 of 1 copy available at scottsboropl.
Holds
- 0 current holds with 1 total copy.
Show Only Available Copies
| Location | Call Number / Copy Notes | Barcode | Shelving Location | Status | Due Date |
|---|---|---|---|---|---|
| scottsboropl | REA Mur | 32269001190043 | Adult - Games | Available | - |
| LDR | 02108crm a2200505 i 4500 | ||
|---|---|---|---|
| 001 | 158151 | ||
| 003 | SBPL | ||
| 005 | 20220412142758.0 | ||
| 008 | 180521t20172017mnunnn gneng d | ||
| 040 | . | ‡aCPL ‡beng ‡erda ‡cCPL ‡dOCLCF ‡dOCL ‡dOCLCO ‡dOCL ‡dOCLCQ ‡dOCLCO | |
| 020 | . | ‡a9781589781788 | |
| 020 | . | ‡a1589781783 | |
| 035 | . | ‡a(OCoLC)1036987770 | |
| 050 | 4. | ‡aGV1469.6 ‡b.M873 2017 | |
| 245 | 0 | 0. | ‡aMurder of crows. (WT. 316.8 g) |
| 250 | . | ‡aSecond edition. | |
| 264 | 1. | ‡a[Saint Paul, Minnesota] : ‡bAtlas Games, ‡c[2017] | |
| 264 | 4. | ‡c©2017 | |
| 300 | . | ‡a1 game (61 cards) : ‡bcardboard, color ; ‡cin container 15 x 13 x 5 cm | |
| 336 | . | ‡athree-dimensional form ‡btdf ‡2rdacontent | |
| 337 | . | ‡aunmediated ‡bn ‡2rdamedia | |
| 338 | . | ‡aobject ‡bnr ‡2rdacarrier | |
| 500 | . | ‡aStrategy card game. | |
| 500 | . | ‡aTitle from container. | |
| 500 | . | ‡a2-5 players. | |
| 500 | . | ‡aDuration of play: 20 min. | |
| 500 | . | ‡aWT. 316.8 g | |
| 521 | 1 | . | ‡aAge 13 and up. |
| 520 | . | ‡a"Someone was murdered. Every turn, you'll draw a card and then play a card. Your goal is to assemble a set that spells 'murder' and tells the tale of a murder most fowl. Will the next player 'drain' and force everyone to discard a card from their murder? Or 'uncover', and force you to reveal your cards and then give one of them up? 'Expel', and make you discard your hand? Each card has a unique ability." | |
| 650 | 0. | ‡aMurder ‡vMiscellanea. | |
| 650 | 0. | ‡aCrows ‡vMiscellanea. | |
| 650 | 6. | ‡aMeurtre ‡vMiscellanées. | |
| 650 | 6. | ‡aCorneilles ‡vMiscellanées. | |
| 650 | 7. | ‡aCrows. ‡2fast ‡0(OCoLC)fst00884331 | |
| 650 | 7. | ‡aMurder. ‡2fast ‡0(OCoLC)fst01029781 | |
| 655 | 0. | ‡aFantasy games. | |
| 655 | 7. | ‡aCard games. ‡2fast ‡0(OCoLC)fst02002531 | |
| 655 | 7. | ‡aFantasy games. ‡2fast ‡0(OCoLC)fst01726608 | |
| 655 | 7. | ‡aTrivia and miscellanea. ‡2fast ‡0(OCoLC)fst01921748 | |
| 655 | 7. | ‡aPuzzles and games. ‡2fast ‡0(OCoLC)fst01919958 | |
| 655 | 7. | ‡aCard games. ‡2lcgft | |
| 655 | 7. | ‡aPuzzles and games. ‡2lcgft | |
| 655 | 7. | ‡aJeux de cartes (Jeux de société) ‡2rvmgf | |
| 710 | 2 | . | ‡aAtlas Games (Firm), ‡epublisher. |
| 994 | . | ‡aZ0 ‡bMWL | |
| 948 | . | ‡hNO HOLDINGS IN MWL - 3 OTHER HOLDINGS | |
| 901 | . | ‡a158151 ‡b ‡c158151 ‡tbiblio | |